[Event "XXX Festival Conca della Presolana A"]
[Site "Bratto - Castione della Presolana ITA"]
[Date "2010.08.22"]
[Round "3"]
[White "Melone, Antonio"]
[Black "Bemporad, Filippo"]
[WhiteElo "2014"]
[BlackElo "2061"]
[Result "1-0"]
[PlyCount "67"]
[EventDate "2010.08.20"]

1. d4 d5 2. c4 c6 3. Nc3 Nf6 4. Nf3 g6 5. Bf4 Bg7 6. e3 O-O 7. Bd3 b6 8. O-O
Bb7 9. cxd5 Nxd5 10. Nxd5 Qxd5 11. e4 Qd8 12. Qb3 Na6 13. Rfd1 Nc7 14. Bc4 e6
15. Ng5 Re8 16. Qg3 Rc8 17. Rd3 Qe7 18. Bd6 Qd7 19. e5 f5 20. exf6 Bxf6 21. Ne4
Be7 22. Bxe7 Qxe7 23. Nd6 Ba6 24. Bxa6 Nxa6 25. Nxc8 Rxc8 26. Qe5 Nb4 27. Rf3
Rd8 28. Rf6 Rd6 29. Re1 Nd3 30. Rxe6 Nxe5 31. Rxe7 Nd3 32. R1e3 Rxd4 33. Rxa7
Nxb2 34. Re8# 1-0

[Event "XXX Festival Conca della Presolana A"]
[Site "Bratto - Castione della Presolana ITA"]
[Date "2010.08.??"]
[Round "3"]
[White "Olszewski, Michal"]
[Black "Collutiis, Duilio"]
[WhiteElo "2543"]
[BlackElo "2438"]
[Result "1/2-1/2"]
[PlyCount "55"]
[EventDate "2010.08.20"]

1. d4 d5 2. c4 c6 3. Nf3 Nf6 4. Nc3 e6 5. g3 Nbd7 6. Bg2 dxc4 7. O-O Be7 8. e4
O-O 9. Bf4 Nh5 10. Be3 Nhf6 11. a4 e5 12. Qe2 Ng4 13. Rad1 Nxe3 14. fxe3 Qa5
15. Bh3 exd4 16. exd4 Qh5 17. Bf5 Nf6 18. Bxc8 Raxc8 19. Qxc4 Qg4 20. e5 Ne4
21. Qd3 Ng5 22. Nxg5 Qxg5 23. Rf5 Qg6 24. Rdf1 Qe6 25. Ne4 f6 26. R1f4 fxe5 27.
Rxe5 Qd7 28. Rxf8+ 1/2-1/2

[Event "XXX Festival Conca della Presolana A"]
[Site "Bratto - Castione della Presolana ITA"]
[Date "2010.08.??"]
[Round "4"]
[White "Altini, Daniele"]
[Black "Burmakin, Vladimir"]
[WhiteElo "2260"]
[BlackElo "2605"]
[Result "0-1"]
[PlyCount "82"]
[EventDate "2010.08.20"]

1. d4 c6 2. Nf3 d5 3. Bf4 Qb6 4. b3 Bf5 5. e3 e6 6. Be2 Bb4+ 7. Nfd2 Nf6 8. O-O
Nbd7 9. g4 Bg6 10. g5 Ng8 11. c4 h6 12. Nf3 hxg5 13. Nxg5 Qd8 14. Bd3 Ne7 15.
e4 dxe4 16. Nxe4 Nf5 17. Bg3 Nf6 18. Nxf6+ Qxf6 19. Bxf5 Bxf5 20. a3 Bc5 21.
Be5 Qg5+ 22. Bg3 O-O-O 23. Nd2 Rxd4 24. Nf3 Rxd1 25. Nxg5 Rxa1 26. Rxa1 Bg6 27.
Nf3 Bh5 28. Ng5 Bg6 29. Nf3 Be7 30. b4 c5 31. Ne5 Bh5 32. bxc5 Bxc5 33. Nd3 Bd4
34. Ra2 f6 35. Bd6 e5 36. Nb4 Kd7 37. c5 b6 38. Rd2 Rc8 39. Na6 Bf3 40. Rc2
bxc5 41. Bxc5 Bb7 0-1

[Event "XXX Festival Conca della Presolana A"]
[Site "Bratto - Castione della Presolana ITA"]
[Date "2010.08.??"]
[Round "4"]
[White "Bellia, Fabrizio"]
[Black "Baklan, Vladimir"]
[WhiteElo "2376"]
[BlackElo "2638"]
[Result "1/2-1/2"]
[PlyCount "88"]
[EventDate "2010.08.20"]

1. e4 c5 2. Nf3 d6 3. d4 cxd4 4. Nxd4 Nf6 5. Nc3 Nc6 6. Bg5 e6 7. Qd2 a6 8.
O-O-O Bd7 9. f4 Be7 10. Nf3 b5 11. Bxf6 gxf6 12. Kb1 Qa5 13. Nd4 Nxd4 14. Qxd4
b4 15. Ne2 Rc8 16. Nc1 Qc7 17. Bd3 a5 18. f5 a4 19. Ne2 Qc5 20. Qxc5 Rxc5 21.
Nf4 Bd8 22. fxe6 fxe6 23. Be2 Ke7 24. Rd4 Ba5 25. Rhd1 Rd8 26. g3 Bc6 27. Rc4
Rxc4 28. Bxc4 Bd7 29. b3 axb3 30. axb3 Bb6 31. Nd3 Bc5 32. Nxc5 dxc5 33. e5 Rf8
34. Re1 h6 35. Kc1 fxe5 36. Rxe5 Kd6 37. Rh5 Rf6 38. Kd2 e5 39. Rh4 Bf5 40. Bd3
Bxd3 41. Kxd3 Kd5 42. Ke3 Ra6 43. Kd3 Rf6 44. Ke3 Ra6 1/2-1/2

[Event "XXX Festival Conca della Presolana A"]
[Site "Bratto - Castione della Presolana ITA"]
[Date "2010.08.??"]
[Round "4"]
[White "Bentivegna, Francesco"]
[Black "Cebalo, Miso"]
[WhiteElo "2340"]
[BlackElo "2500"]
[Result "1/2-1/2"]
[PlyCount "90"]
[EventDate "2010.08.20"]

1. e4 c5 2. c3 d5 3. exd5 Qxd5 4. Nf3 Nc6 5. d4 Bg4 6. Be2 cxd4 7. cxd4 e6 8.
h3 Bh5 9. Nc3 Qa5 10. d5 exd5 11. Nd4 Nxd4 12. Bxh5 Ne6 13. O-O Nf6 14. Re1 g6
15. Bf3 Bg7 16. Bd2 O-O 17. Nxd5 Qd8 18. Bc3 Nxd5 19. Bxg7 Kxg7 20. Qxd5 Qxd5
21. Bxd5 Rad8 22. Rad1 Kf6 23. Kf1 b6 24. g3 Rd6 25. Bb3 Rfd8 26. Rxd6 Rxd6 27.
Bxe6 Rxe6 28. Rc1 a5 29. Rc4 h5 30. b4 axb4 31. Rxb4 Ke7 32. h4 Kd7 33. Rf4 f5
34. Ra4 Kc6 35. Ra8 Kc5 36. Ra7 b5 37. Ra8 b4 38. Rc8+ Kd4 39. Rc2 f4 40. Kg2
Rf6 41. f3 fxg3 42. Rb2 Kc3 43. Rb3+ Kc4 44. Kxg3 Rf5 45. Rb2 Kc3 1/2-1/2

[Event "XXX Festival Conca della Presolana A"]
[Site "Bratto - Castione della Presolana ITA"]
[Date "2010.08.??"]
[Round "4"]
[White "Dziuba, Marcin"]
[Black "Landa, Konstantin"]
[WhiteElo "2582"]
[BlackElo "2598"]
[Result "1/2-1/2"]
[PlyCount "41"]
[EventDate "2010.08.20"]

1. d4 Nf6 2. c4 e6 3. g3 d5 4. Nf3 dxc4 5. Bg2 a6 6. O-O Nc6 7. Bg5 Rb8 8. e3
b5 9. Nfd2 Nb4 10. b3 cxb3 11. Nxb3 Bb7 12. Bxb7 Rxb7 13. Nc3 Nbd5 14. Nxd5
Qxd5 15. Bxf6 gxf6 16. Qc2 f5 17. Na5 Ra7 18. Nc6 Rb7 19. Na5 Ra7 20. Nc6 Rb7
21. Na5 1/2-1/2

[Event "XXX Festival Conca della Presolana A"]
[Site "Bratto - Castione della Presolana ITA"]
[Date "2010.08.??"]
[Round "4"]
[White "Grigore, George-Gabriel"]
[Black "L'Ami, Erwin"]
[WhiteElo "2532"]
[BlackElo "2620"]
[Result "0-1"]
[PlyCount "56"]
[EventDate "2010.08.20"]

1. d4 Nf6 2. c4 g6 3. Nc3 d5 4. Nf3 Bg7 5. Bf4 O-O 6. e3 c5 7. dxc5 Qa5 8. Rc1
dxc4 9. Bxc4 Qxc5 10. Bb3 Nc6 11. O-O Qa5 12. h3 Bf5 13. Ng5 e5 14. Bg3 Rad8
15. Bxf7+ Rxf7 16. Qb3 Qc7 17. Rfd1 Rxd1+ 18. Rxd1 Qe7 19. e4 Bc8 20. Nd5 Nxd5
21. Nxf7 Qxf7 22. exd5 Nd4 23. Qc4 Bd7 24. Re1 Bb5 25. Qc8+ Bf8 26. d6 Bc6 27.
Bxe5 Qd5 28. f3 Nxf3+ 0-1

[Event "XXX Festival Conca della Presolana A"]
[Site "Bratto - Castione della Presolana ITA"]
[Date "2010.08.??"]
[Round "4"]
[White "Marin, Mihail"]
[Black "Borgo, Giulio"]
[WhiteElo "2597"]
[BlackElo "2419"]
[Result "1-0"]
[PlyCount "47"]
[EventDate "2010.08.20"]

1. d4 d5 2. Nf3 Nf6 3. c4 e6 4. e3 Be7 5. b3 O-O 6. Bd3 Nbd7 7. O-O c5 8. Bb2
b6 9. Nc3 Bb7 10. Rc1 Rc8 11. Qe2 Bd6 12. cxd5 exd5 13. Ba6 Qc7 14. Bxb7 Qxb7
15. Rfd1 Rfe8 16. dxc5 bxc5 17. Qd2 Nb6 18. Nb5 Ne4 19. Nxd6 Nxd6 20. Rxc5 Rcd8
21. Qc3 Nf5 22. Nd4 Nxd4 23. Rxd4 f6 24. Rc7 1-0

[Event "XXX Festival Conca della Presolana A"]
[Site "Bratto - Castione della Presolana ITA"]
[Date "2010.08.??"]
[Round "4"]
[White "Rombaldoni, Denis"]
[Black "L'Ami, Alina"]
[WhiteElo "2493"]
[BlackElo "2323"]
[Result "1-0"]
[PlyCount "67"]
[EventDate "2010.08.20"]

1. d4 Nf6 2. c4 g6 3. Nc3 Bg7 4. e4 d6 5. f4 c5 6. d5 e6 7. dxe6 Bxe6 8. Bd3
Nc6 9. Nf3 O-O 10. f5 Bd7 11. O-O Ne5 12. Nxe5 dxe5 13. Bg5 h6 14. Bh4 Bc6 15.
Qe2 g5 16. Bf2 Nd7 17. Rad1 b6 18. Bc2 Qe8 19. h4 Rd8 20. hxg5 hxg5 21. Be3 f6
22. Nd5 Rf7 23. Kf2 Nb8 24. b4 cxb4 25. Nxb4 Rxd1 26. Qxd1 Bf8 27. c5 bxc5 28.
Bb3 cxb4 29. Qh5 Nd7 30. Rc1 Bb7 31. Rc7 Ba6 32. Rxa7 Bc8 33. Ra8 Nc5 34. Qg6+
1-0

[Event "XXX Festival Conca della Presolana A"]
[Site "Bratto - Castione della Presolana ITA"]
[Date "2010.08.??"]
[Round "4"]
[White "Vocaturo, Daniele"]
[Black "Di Paolo, Raffaele"]
[WhiteElo "2526"]
[BlackElo "2350"]
[Result "1-0"]
[PlyCount "71"]
[EventDate "2010.08.20"]

1. e4 e5 2. Bc4 Nf6 3. d3 Nc6 4. Nf3 Bc5 5. O-O d6 6. c3 O-O 7. Bb3 a6 8. h3
Ba7 9. Re1 Be6 10. Nbd2 Qd7 11. Nf1 Bxb3 12. Qxb3 Rfe8 13. Bg5 Nh5 14. Rad1 h6
15. Bh4 g5 16. Bg3 Kh8 17. d4 f6 18. Bh2 b5 19. Qc2 Qh7 20. Ne3 exd4 21. Nd5 d3
22. Qxd3 Ne5 23. Qe2 g4 24. Nxe5 g3 25. Nd3 Qg6 26. Kh1 gxh2 27. g4 f5 28. gxh5
Qg5 29. f4 Qh4 30. Qf3 fxe4 31. Rxe4 Rxe4 32. Qxe4 Rg8 33. Ne3 Qxh5 34. Re1
Qxh3 35. Ng2 Qg3 36. f5 1-0

[Event "XXX Festival Conca della Presolana A"]
[Site "Bratto - Castione della Presolana ITA"]
[Date "2010.08.??"]
[Round "4"]
[White "Welling, Gerard"]
[Black "Olszewski, Michal"]
[WhiteElo "2352"]
[BlackElo "2543"]
[Result "1/2-1/2"]
[PlyCount "34"]
[EventDate "2010.08.20"]

1. d4 Nf6 2. Nf3 g6 3. c4 Bg7 4. Nc3 d5 5. cxd5 Nxd5 6. Bd2 O-O 7. Rc1 c6 8. e3
Bg4 9. Be2 Nd7 10. O-O Nxc3 11. Bxc3 Nb6 12. h3 Bxf3 13. Bxf3 Qd7 14. b4 Nd5
15. Qb3 Nxc3 16. Qxc3 e5 17. dxe5 Qe6 1/2-1/2

[Event "XXX Festival Conca della Presolana A"]
[Site "Bratto - Castione della Presolana ITA"]
[Date "2010.08.??"]
[Round "5"]
[White "Baklan, Vladimir"]
[Black "Altini, Daniele"]
[WhiteElo "2638"]
[BlackElo "2260"]
[Result "1-0"]
[PlyCount "55"]
[EventDate "2010.08.20"]

1. e4 d6 2. d4 Nf6 3. Nc3 g6 4. f4 Bg7 5. Nf3 c5 6. dxc5 Qa5 7. Qd4 O-O 8. Bd2
Nc6 9. Qc4 Qxc5 10. Qxc5 dxc5 11. e5 Ng4 12. h3 Nh6 13. g4 f6 14. Bc4+ Nf7 15.
exf6 exf6 16. O-O-O Kh8 17. Rhe1 f5 18. g5 Nd4 19. Nxd4 cxd4 20. Nb5 Bd7 21.
Nxd4 Bxd4 22. Bb4 Bf2 23. Rxd7 Bxe1 24. Bxe1 Rae8 25. Bb4 Re4 26. Bxf8 Rxc4 27.
Rxf7 Kg8 28. Rf6 1-0

[Event "XXX Festival Conca della Presolana A"]
[Site "Bratto - Castione della Presolana ITA"]
[Date "2010.08.??"]
[Round "5"]
[White "Bresciani, Nicola"]
[Black "Vocaturo, Daniele"]
[WhiteElo "2289"]
[BlackElo "2526"]
[Result "0-1"]
[PlyCount "106"]
[EventDate "2010.08.20"]

1. e4 e5 2. Nf3 Nc6 3. Bb5 a6 4. Ba4 Nf6 5. O-O Nxe4 6. d4 b5 7. Bb3 d5 8. dxe5
Be6 9. Be3 Be7 10. c3 Nc5 11. Bc2 Nd7 12. Re1 Ndxe5 13. Nxe5 Nxe5 14. Bd4 f6
15. a4 b4 16. Bxe5 fxe5 17. Rxe5 Bf7 18. Qe1 Kf8 19. Nd2 bxc3 20. bxc3 Bf6 21.
Re3 g6 22. Nf3 Kg7 23. Rd1 Re8 24. Ne5 Bxe5 25. Rxe5 Qf6 26. Rxe8 Rxe8 27. Qd2
c5 28. Rb1 a5 29. h3 Qe5 30. Bd3 Re7 31. Bb5 Qe4 32. Rd1 Re5 33. Kf1 h6 34. Re1
Qf5 35. Rxe5 Qxe5 36. Kg1 g5 37. Bc6 Kf6 38. Bd7 h5 39. Qb2 Kg7 40. Bc6 h4 41.
Bd7 Qf4 42. Bc6 g4 43. hxg4 Qxg4 44. Qd2 Qf5 45. Qe3 c4 46. Qd4+ Qf6 47. Qg4+
Kh6 48. Qd7 Bg6 49. Bxd5 Qxc3 50. Qe7 Qc1+ 51. Kh2 Qf4+ 52. Kg1 c3 53. Qd8 c2
0-1

[Event "XXX Festival Conca della Presolana A"]
[Site "Bratto - Castione della Presolana ITA"]
[Date "2010.08.??"]
[Round "5"]
[White "Burmakin, Vladimir"]
[Black "Dziuba, Marcin"]
[WhiteElo "2605"]
[BlackElo "2582"]
[Result "0-1"]
[PlyCount "102"]
[EventDate "2010.08.20"]

1. Nf3 Nf6 2. c4 g6 3. b3 Bg7 4. Bb2 O-O 5. g3 d6 6. d4 Nbd7 7. Bg2 e5 8. dxe5
dxe5 9. O-O e4 10. Ne1 Qe7 11. Nc2 Rd8 12. Nc3 Nc5 13. Qc1 c6 14. h3 Be6 15.
Qe3 Nfd7 16. Rad1 f5 17. f3 exf3 18. exf3 Re8 19. f4 a5 20. Rfe1 Bf6 21. Nd4
Qg7 22. Qd2 Bf7 23. Rxe8+ Rxe8 24. g4 Nf8 25. Nce2 fxg4 26. hxg4 h6 27. Qxa5
Ncd7 28. Ba3 Bd8 29. Qd2 Qf6 30. Nf3 Qe6 31. Bxf8 Nxf8 32. Ne5 Bb6+ 33. Kh2 Qf6
34. Rf1 Bc7 35. Nxf7 Kxf7 36. c5 Ne6 37. Kg1 Nxc5 38. g5 Qe7 39. Nc3 hxg5 40.
fxg5+ Kg7 41. Rf3 Qe5 42. b4 Rd8 43. Qe3 Nd3 44. Qxe5+ Nxe5 45. Rh3 Bb6+ 46.
Kh2 Ng4+ 47. Kg3 Nf2 48. Na4 Rd3+ 49. Kh4 Rd4+ 50. Kg3 Nxh3 51. Nxb6 Rxb4 0-1

[Event "XXX Festival Conca della Presolana A"]
[Site "Bratto - Castione della Presolana ITA"]
[Date "2010.08.??"]
[Round "5"]
[White "Cebalo, Miso"]
[Black "Welling, Gerard"]
[WhiteElo "2500"]
[BlackElo "2352"]
[Result "1/2-1/2"]
[PlyCount "60"]
[EventDate "2010.08.20"]

1. d4 g6 2. c4 Bg7 3. e4 d6 4. Nc3 a6 5. Nf3 Bg4 6. Be2 Nc6 7. d5 Bxf3 8. gxf3
Nd4 9. Be3 Nxe2 10. Nxe2 Nf6 11. Qd2 Nd7 12. f4 e6 13. h4 Qe7 14. f3 e5 15.
O-O-O exf4 16. Nxf4 Ne5 17. Qe2 b5 18. cxb5 axb5 19. Kb1 Nc4 20. Bc1 O-O 21. h5
c5 22. hxg6 hxg6 23. Qh2 Rfb8 24. Qh7+ Kf8 25. Nh5 Be5 26. f4 Bxb2 27. e5 Qa7
28. Qg7+ Ke7 29. Qf6+ Kf8 30. Qg7+ Ke7 1/2-1/2

[Event "XXX Festival Conca della Presolana A"]
[Site "Bratto - Castione della Presolana ITA"]
[Date "2010.08.24"]
[Round "5"]
[White "Cordara, Michele"]
[Black "Gioseffi, Massimiliano"]
[WhiteElo "2091"]
[BlackElo "2150"]
[Result "1-0"]
[PlyCount "141"]
[EventDate "2010.08.20"]

1. Nf3 Nf6 2. c4 e6 3. g3 d5 4. Bg2 Bd6 5. b3 d4 6. Nxd4 Be5 7. Nc2 Bxa1 8.
Nxa1 O-O 9. Nc3 e5 10. Nc2 Re8 11. d3 c6 12. b4 Be6 13. O-O h6 14. Bb2 Qc8 15.
Re1 a6 16. a4 Nbd7 17. Ne3 Qc7 18. Qa1 Nf8 19. Rc1 Qb8 20. a5 N8d7 21. Na4 Ng4
22. Nf1 Qa7 23. d4 exd4 24. Bxd4 Qb8 25. h3 Nge5 26. Ne3 f6 27. f4 c5 28. Nxc5
Nxc5 29. Bxc5 Nd7 30. Bd4 Bf7 31. Bf3 Nf8 32. Nd5 Nd7 33. Ne3 Qc7 34. Nd5 Qd6
35. c5 Qe6 36. Nc7 Qxh3 37. Bf2 Bh5 38. Qc3 Rac8 39. Nxe8 Rxe8 40. Rd1 Nf8 41.
Qd3 Re7 42. c6 bxc6 43. Qxa6 Bxf3 44. exf3 Rd7 45. Qc4+ Kh8 46. Rxd7 Qxd7 47.
a6 Ne6 48. a7 Nc7 49. Qc5 Qe8 50. Qb6 Na8 51. Qb8 Qg8 52. Qd6 Qc8 53. Bc5 Kh7
54. Qb8 Qg8 55. f5 Kh8 56. Kf2 Kh7 57. Kg1 Kh8 58. Qb7 Qe8 59. Kf2 Kg8 60. Qb8
Kf7 61. Qxe8+ Kxe8 62. Ke3 Kf7 63. Kd4 g6 64. fxg6+ Kxg6 65. Bf8 f5 66. Kc5 h5
67. Kxc6 f4 68. gxf4 h4 69. f5+ Kxf5 70. Bd6 Ke6 71. Bh2 1-0

[Event "XXX Festival Conca della Presolana A"]
[Site "Bratto - Castione della Presolana ITA"]
[Date "2010.08.??"]
[Round "5"]
[White "Dvirnyy, Danyyil"]
[Black "Bentivegna, Francesco"]
[WhiteElo "2457"]
[BlackElo "2340"]
[Result "1-0"]
[PlyCount "45"]
[EventDate "2010.08.20"]

1. d4 Nf6 2. c4 e5 3. dxe5 Ng4 4. Nf3 Bc5 5. e3 Nc6 6. Be2 Ngxe5 7. Nxe5 Nxe5
8. O-O d6 9. Nc3 Qh4 10. Nd5 Bb6 11. a4 Ba5 12. b4 c6 13. bxa5 cxd5 14. cxd5
O-O 15. Bb2 Bd7 16. Qd4 Qh6 17. f4 Ng4 18. h3 Nf6 19. Bd3 Qh4 20. Rf3 Rac8 21.
Ba3 Rfd8 22. e4 Be8 23. Bb4 1-0

[Event "XXX Festival Conca della Presolana A"]
[Site "Bratto - Castione della Presolana ITA"]
[Date "2010.08.??"]
[Round "5"]
[White "Efimov, Igor"]
[Black "Grigore, George-Gabriel"]
[WhiteElo "2444"]
[BlackElo "2532"]
[Result "1/2-1/2"]
[PlyCount "30"]
[EventDate "2010.08.20"]

1. e4 c5 2. d3 g6 3. g3 Bg7 4. Bg2 Nc6 5. f4 d6 6. Nf3 e6 7. O-O Nge7 8. c3 O-O
9. Be3 b6 10. Re1 Ba6 11. Bf2 Rc8 12. a4 Qd7 13. Na3 Rfd8 14. g4 h6 15. Nb5 Na5
1/2-1/2

[Event "XXX Festival Conca della Presolana A"]
[Site "Bratto - Castione della Presolana ITA"]
[Date "2010.08.??"]
[Round "5"]
[White "L'Ami, Erwin"]
[Black "Brunello, Sabino"]
[WhiteElo "2620"]
[BlackElo "2488"]
[Result "1/2-1/2"]
[PlyCount "147"]
[EventDate "2010.08.20"]

1. d4 Nf6 2. c4 e6 3. Nf3 b6 4. g3 Bb7 5. Bg2 Be7 6. O-O O-O 7. Nc3 Ne4 8. Bd2
Bf6 9. Ne5 Nxc3 10. Bxc3 Bxg2 11. Kxg2 Bxe5 12. dxe5 Nc6 13. Qd3 d6 14. exd6
Qxd6 15. Qxd6 cxd6 16. Rfd1 Rfd8 17. Rd3 d5 18. cxd5 Rxd5 19. Rxd5 exd5 20. Rd1
Rd8 21. f4 f6 22. Kf3 Kf7 23. g4 Ke6 24. e3 g6 25. h3 Rd7 26. Ke2 Ne7 27. Kd3
Nc8 28. Bb4 Rc7 29. Rf1 Nd6 30. f5+ gxf5 31. Bxd6 Kxd6 32. Rxf5 Ke6 33. Rh5 a5
34. g5 fxg5 35. Rxg5 b5 36. Rh5 b4 37. b3 a4 38. Kd4 Rc2 39. Rh6+ Kf5 40. Kxd5
Rd2+ 41. Kc4 Rxa2 42. bxa4 Rxa4 43. Rxh7 Ra1 44. Rf7+ Ke6 45. Rf3 Ke5 46. Rf8
Rh1 47. Re8+ Kf6 48. Rh8 Re1 49. Rf8+ Ke5 50. Re8+ Kd6 51. h4 Rh1 52. Rd8+ Ke5
53. Rh8 Rh3 54. Kxb4 Kf5 55. Rf8+ Ke5 56. Re8+ Kf6 57. Kc5 Rxh4 58. Kd6 Kf7 59.
Re7+ Kf8 60. e4 Rh1 61. e5 Ra1 62. Rd7 Ra6+ 63. Kd5 Ke8 64. Rd6 Ra1 65. Ke6 Rh1
66. Rc6 Rh6+ 67. Kd5 Rxc6 68. Kxc6 Ke7 69. Kd5 Kd7 70. e6+ Ke7 71. Ke5 Ke8 72.
Kd6 Kd8 73. e7+ Ke8 74. Ke6 1/2-1/2

[Event "XXX Festival Conca della Presolana A"]
[Site "Bratto - Castione della Presolana ITA"]
[Date "2010.08.24"]
[Round "5"]
[White "Melone, Antonio"]
[Black "Piscopo, Pierluigi"]
[WhiteElo "2014"]
[BlackElo "2430"]
[Result "0-1"]
[PlyCount "65"]
[EventDate "2010.08.20"]

1. d4 Nf6 2. c4 c5 3. d5 e6 4. Nc3 exd5 5. cxd5 d6 6. e4 g6 7. Nf3 Bg7 8. h3 a6
9. a4 Nbd7 10. Bd3 Nh5 11. g4 Nhf6 12. Bf4 Qe7 13. O-O h5 14. Re1 O-O 15. e5
Nxe5 16. Nxe5 dxe5 17. Rxe5 Qd7 18. d6 Qxd6 19. gxh5 Nxh5 20. Rxh5 Qxf4 21. Nd5
Qd6 22. Rg5 Bh6 23. Qh5 Bxg5 24. Qxg5 Kg7 25. Nf4 Rh8 26. Re1 Qf6 27. Qxf6+
Kxf6 28. Nd5+ Kg7 29. Nc7 Rb8 30. Re7 Bxh3 31. Bc4 Rhf8 32. Be6 Bxe6 33. Nxe6+
0-1

[Event "XXX Festival Conca della Presolana A"]
[Site "Bratto - Castione della Presolana ITA"]
[Date "2010.08.??"]
[Round "5"]
[White "Olszewski, Michal"]
[Black "Bellia, Fabrizio"]
[WhiteElo "2543"]
[BlackElo "2376"]
[Result "1-0"]
[PlyCount "95"]
[EventDate "2010.08.20"]

1. d4 Nf6 2. c4 e6 3. Nf3 Bb4+ 4. Nbd2 d5 5. e3 O-O 6. a3 Be7 7. Bd3 c5 8. b3
Nc6 9. Bb2 b6 10. O-O Bb7 11. Qe2 Rc8 12. Rac1 Re8 13. Rfd1 Bf8 14. cxd5 exd5
15. Ba6 Bxa6 16. Qxa6 Qe7 17. Ne5 Nb8 18. Qa4 a6 19. dxc5 bxc5 20. Ndf3 h6 21.
Nd3 Nfd7 22. Qa5 Qe4 23. b4 cxb4 24. Nxb4 Bxb4 25. axb4 Rc4 26. Qa1 Re6 27.
Rxc4 dxc4 28. Rd4 Qc2 29. Rg4 Rg6 30. Ne1 Qf5 31. Rxc4 Qb5 32. Rc8+ Kh7 33. Qb1
Qxb4 34. Rh8+ Kxh8 35. Bxg7+ Kxg7 36. Qxb4 Rb6 37. Qc3+ f6 38. h3 Nc6 39. Nd3
a5 40. Nc5 Nxc5 41. Qxc5 Ra6 42. f4 Nb4 43. Kh2 Kg6 44. f5+ Kf7 45. Kg3 Ke8 46.
Qc8+ Ke7 47. Qc7+ Ke8 48. e4 1-0

[Event "XXX Festival Conca della Presolana A"]
[Site "Bratto - Castione della Presolana ITA"]
[Date "2010.08.??"]
[Round "5"]
[White "Rombaldoni, Denis"]
[Black "Chatalbashev, Boris"]
[WhiteElo "2493"]
[BlackElo "2613"]
[Result "0-1"]
[PlyCount "118"]
[EventDate "2010.08.20"]

1. d4 d6 2. Nf3 c5 3. g3 cxd4 4. Nxd4 Nc6 5. Bg2 Bd7 6. O-O g6 7. Nb3 Bg7 8.
Nc3 Nf6 9. e4 O-O 10. h3 Rc8 11. Re1 Ne5 12. a4 a6 13. Nd5 Nc4 14. c3 Nxd5 15.
exd5 e5 16. dxe6 fxe6 17. Qe2 Qc7 18. Nd2 Na5 19. Ra3 d5 20. Nf3 Nc4 21. Ra2
Qb6 22. Be3 Nxe3 23. Qxe3 Qxe3 24. Rxe3 a5 25. Ra3 Rc4 26. h4 h6 27. Bh3 Kf7
28. Ra1 Re8 29. Rae1 Rxa4 30. b3 Ra3 31. Rb1 b5 32. Ne1 Rc8 33. Nc2 Ra2 34. Nd4
Bxd4 35. cxd4 Rac2 36. Bg4 Rc1+ 37. Rxc1 Rxc1+ 38. Kg2 a4 39. bxa4 bxa4 40. h5
g5 41. Rd3 Rc4 42. Bd1 Rb4 43. Kf3 Bb5 44. Rd2 a3 45. Ra2 Rxd4 46. Bc2 Kf6 47.
Rxa3 Rd2 48. Bg6 d4 49. Ra7 Be2+ 50. Kg2 g4 51. Be4 Ke5 52. Ba8 d3 53. f4+
gxf3+ 54. Kf2 Bd1+ 55. Ke3 Re2+ 56. Kxd3 Bc2+ 57. Kc3 f2 58. Rf7 Be4 59. Bxe4
Kxe4 0-1

[Event "XXX Festival Conca della Presolana A"]
[Site "Bratto - Castione della Presolana ITA"]
[Date "2010.08.??"]
[Round "6"]
[White "Altini, Daniele"]
[Black "Cebalo, Miso"]
[WhiteElo "2260"]
[BlackElo "2500"]
[Result "0-1"]
[PlyCount "70"]
[EventDate "2010.08.20"]

1. d4 Nf6 2. Nf3 g6 3. Nc3 d5 4. Bf4 c6 5. Qd2 Bf5 6. Ne5 Nbd7 7. f3 Bg7 8. g4
Be6 9. h4 h5 10. g5 Nh7 11. O-O-O O-O 12. e3 Nxe5 13. Bxe5 Bxe5 14. dxe5 Qa5
15. Kb1 Rfd8 16. Ne2 Qc7 17. f4 Bg4 18. Bh3 Bxe2 19. Qxe2 e6 20. Bg2 Nf8 21.
Bf3 Qe7 22. Rdg1 Rd7 23. Rg2 Rad8 24. Rhg1 d4 25. e4 d3 26. cxd3 Rxd3 27. a3
Qc5 28. Rc1 Qb6 29. Qf2 Qb3 30. Bxh5 gxh5 31. Qe2 Ng6 32. Rf2 Nxf4 33. Qc2
Qxc2+ 34. Kxc2 Ng6 35. Rcf1 Nxe5 0-1

[Event "XXX Festival Conca della Presolana A"]
[Site "Bratto - Castione della Presolana ITA"]
[Date "2010.08.??"]
[Round "6"]
[White "Brunello, Sabino"]
[Black "Baklan, Vladimir"]
[WhiteElo "2488"]
[BlackElo "2638"]
[Result "1/2-1/2"]
[PlyCount "30"]
[EventDate "2010.08.20"]

1. d4 Nf6 2. Nf3 e6 3. c4 b6 4. g3 Bb4+ 5. Bd2 a5 6. Bg2 O-O 7. O-O Bb7 8. Bg5
Be7 9. Nc3 Ne4 10. Bxe7 Qxe7 11. Qc2 Nxc3 12. Qxc3 d6 13. Rfd1 Nd7 14. Ne5 Bxg2
15. Nxd7 Qxd7 1/2-1/2

[Event "XXX Festival Conca della Presolana A"]
[Site "Bratto - Castione della Presolana ITA"]
[Date "2010.08.??"]
[Round "6"]
[White "Chatalbashev, Boris"]
[Black "Dziuba, Marcin"]
[WhiteElo "2613"]
[BlackElo "2582"]
[Result "1/2-1/2"]
[PlyCount "29"]
[EventDate "2010.08.20"]

1. d4 Nf6 2. c4 g6 3. Nc3 Bg7 4. e4 d6 5. Bd3 c6 6. Nge2 a6 7. O-O b5 8. Bg5
O-O 9. Qd2 Nbd7 10. Ng3 c5 11. dxc5 Nxc5 12. cxb5 Nxd3 13. Qxd3 axb5 14. Nxb5
Ba6 15. a4 1/2-1/2

[Event "XXX Festival Conca della Presolana A"]
[Site "Bratto - Castione della Presolana ITA"]
[Date "2010.08.??"]
[Round "6"]
[White "Iordachescu, Viorel"]
[Black "Delorme, Axel"]
[WhiteElo "2623"]
[BlackElo "2455"]
[Result "1-0"]
[PlyCount "55"]
[EventDate "2010.08.20"]

1. e4 e5 2. Nf3 Nc6 3. Bb5 Nf6 4. d4 exd4 5. e5 Ne4 6. O-O a6 7. Bxc6 dxc6 8.
Nxd4 Nc5 9. Nc3 Be7 10. Be3 Ne6 11. Nf5 Qxd1 12. Raxd1 Bd8 13. f4 f6 14. exf6
Bxf6 15. Ng3 Bxc3 16. bxc3 g6 17. Ne4 O-O 18. g4 h6 19. f5 gxf5 20. Rxf5 Rxf5
21. gxf5 Ng7 22. Rd8+ Kf7 23. Ng3 h5 24. h4 b6 25. Bf4 Ke7 26. Rh8 Bb7 27. Rh7
Rg8 28. Nxh5 1-0

[Event "XXX Festival Conca della Presolana A"]
[Site "Bratto - Castione della Presolana ITA"]
[Date "2010.08.??"]
[Round "6"]
[White "Kogan, Artur"]
[Black "L'Ami, Erwin"]
[WhiteElo "2541"]
[BlackElo "2620"]
[Result "1/2-1/2"]
[PlyCount "31"]
[EventDate "2010.08.20"]

1. Nf3 Nf6 2. c4 e6 3. d4 d5 4. Nc3 Be7 5. Bg5 h6 6. Bxf6 Bxf6 7. e3 O-O 8. Qb3
c5 9. cxd5 cxd4 10. Nxd4 exd5 11. Rd1 Nc6 12. Be2 Bxd4 13. exd4 Qh4 14. Qa4 Bg4
15. Bxg4 Qxg4 16. O-O 1/2-1/2

[Event "XXX Festival Conca della Presolana A"]
[Site "Bratto - Castione della Presolana ITA"]
[Date "2010.08.??"]
[Round "6"]
[White "Marin, Mihail"]
[Black "Dvirnyy, Danyyil"]
[WhiteElo "2597"]
[BlackElo "2457"]
[Result "1/2-1/2"]
[PlyCount "47"]
[EventDate "2010.08.20"]

1. d4 Nf6 2. Nf3 g6 3. g3 Bg7 4. Bg2 O-O 5. O-O d6 6. c4 Nbd7 7. Nc3 e5 8. e4
a6 9. h3 b5 10. dxe5 dxe5 11. Be3 Bb7 12. Nd2 c6 13. Qc2 Qe7 14. Nb3 a5 15. a4
bxc4 16. Nd2 Ba6 17. Rfd1 Rfb8 18. Ncb1 Qb4 19. Na3 Qxb2 20. Qxb2 Rxb2 21.
Naxc4 Rc2 22. Rdc1 Rxc1+ 23. Rxc1 Bf8 24. Nxa5 1/2-1/2